Užitočné kontakty - vojenské

Bibliographic Details
Main Author: Zagar, Bedrich, 1928-2008 (Author)
Format: Article
Language:Slovak
Subjects:

MARC

LEADER 00000nab a2200000 a 4500
001 vtls000358168
003 SK-MaSNL
005 20260302223636.0
008 111201c1989 xo 0 slo
015 |a SNBRB19rr/mm-uuuuu 
035 |a CL0358290 
040 |a SNKBUCL  |b slo  |c SNKBUCL  |e AACR2 
041 0 |a slo 
044 |a xo  |c SK 
080 |a 355.02(47:73)  |2 1981 
080 |a 355.02(73:47)  |2 1981 
100 1 |a Zagar, Bedrich,  |d 1928-2008  |4 aut  |9 5122 
245 1 0 |a Užitočné kontakty - vojenské  |c Bedrich Zagar 
650 0 7 |a vojenská politika  |2 snkbucl  |9 1646 
651 7 |a Sovietsky zväz  |2 snkbucl  |9 22126 
655 7 |a články z novín a časopisov  |2 snkbucl  |9 267496 
773 0 |t Pravda  |g Roč. 70, č. 179 (1. 8. 1989), s. 7 
850 |a Slovenská národná knižnica v Martine  |a MTA001 
852 |a SNK  |b KIS3GCP 
958 |a RK 
992 |a RBX 
999 |c 1521230  |d 1523160